Lisý, J. a kol.: Dejiny ekonomických teórií. Bratislava: Iura Edition, 2003, 386 s.
Recenzia na knižnú publikáciu Lisý, J.: Dejiny ekonomických teórií. Publikácia je zameraná na problematiku ekonomického myslenia, kapitola 28 upriamuje pozornosť na vznik a vývoj ekonomického myslenia na Slovensku. K prednostiam učebnice patrí aj vecný register tvorený kategoriálnym aparátom uče...
Uložené v:
| Hlavný autor: | |
|---|---|
| Médium: | Kapitola |
| Jazyk: | Slovak |
| Predmet: | |
| Tagy: |
Žiadne tagy, Buďte prvý, kto otaguje tento záznam!
|
MARC
| LEADER | 00000naa$a2200000$$$4500 | ||
|---|---|---|---|
| 001 | 0006041 | ||
| 005 | 20240502071350.8 | ||
| 041 | 0 | |a slo | |
| 044 | |a SK | ||
| 245 | 1 | 0 | |a Lisý, J. a kol.: Dejiny ekonomických teórií. Bratislava: Iura Edition, 2003, 386 s. |c rec. Helena Masárová |
| 520 | |a Recenzia na knižnú publikáciu Lisý, J.: Dejiny ekonomických teórií. Publikácia je zameraná na problematiku ekonomického myslenia, kapitola 28 upriamuje pozornosť na vznik a vývoj ekonomického myslenia na Slovensku. K prednostiam učebnice patrí aj vecný register tvorený kategoriálnym aparátom učebnice a menný register. | ||
| 610 | 2 | 0 | |a recenzie |
| 610 | 2 | 0 | |a dejiny myslenia ekonomického |
| 610 | 2 | 0 | |a teórie ekonomické |
| 610 | 2 | 0 | |a myslenie ekonomické |
| 610 | 2 | 0 | |a Slovensko |
| 100 | 1 | |a Masárová, Helena | |